00870nam a2200265 u 450000100070000000500170000700800410002403500110006504000130007604100080008908000070009710000390010424501120014326000230025530000140027850000330029265000230032565000320034865000240038065000410040465000520044570000330049770000310053070000430056119310020260506081204.0980603s1992 ||||||m| spa  a193100 ccomduadb aspa aWA10aGarcia U., Maria Eugenia4auteaut10aAproximacion a una propuesta de descentralizacion y municipalizacion de los Servicios de Salud, Cucuta 1992 aMedellín,c1992. a150 hojas aDonacion: Autores, 02-10-93. aMunicipalización aPlanificación de la salud aCúcuta (Colombia) 7aDescentralización administrativa2 7aAdministración de los servicios de salud2dcs10aYañez J., Alvaro4auteaut10aUribe G., Wilman4auteaut10aFlorez Mosquera, Rosa Helena4thseths